Đối ngoại Trung – Mỹ năm 2017 trong chuyển động chiến lược ở khu vực hai đại dương /

Spremljeno u:
Bibliografski detalji
Glavni autor: Kondapalli, Srikanth.
Daljnji autori: Dinh, Julia L.
Format: Članak
Jezik:Vietnamese
Teme:
Oznake: Dodaj oznaku
Bez oznaka, Budi prvi tko označuje ovaj zapis!
Thư viện lưu trữ: Thư viện Trường Đại học Đà Lạt
LEADER 00917nam a2200289 4500
001 DLU200194342
005 ##20190110
040 # # |a DLU  |b vie 
041 # # |a vie 
044 # # |a vn 
100 # # |a Kondapalli, Srikanth. 
245 # # |a Đối ngoại Trung – Mỹ năm 2017 trong chuyển động chiến lược ở khu vực hai đại dương /  |c Srikanth Kondapalli, Julia L.Dinh. 
653 # # |a Đại hội XIX 
653 # # |a Đảng Cộng sản Trung Quốc 
653 # # |a Mỹ 
653 # # |a Quan hệ đối ngoại 
653 # # |a Trung Quốc 
700 # # |a Dinh, Julia L. 
773 # # |t Nghiên cứu Trung Quốc  |g Số 2(198), 2018, tr. 23-35 
920 # # |a Phòng Tạp chí -- Trung tâm Thông tin - Thư viện Trường Đại học Đà Lạt 
900 # # |a True 
911 # # |a Hoàng Thị Huyền 
925 # # |a G 
926 # # |a A 
927 # # |a BB 
980 # # |a Thư viện Trường Đại học Đà Lạt